Design of steel structures / (Record no. 131989)
[ view plain ]
| 000 -LEADER | |
|---|---|
| fixed length control field | 00795nam a22002657a 4500 |
| 003 - CONTROL NUMBER IDENTIFIER | |
| control field | dpl |
| 005 - DATE AND TIME OF LATEST TRANSACTION | |
| control field | 20190128124244.0 |
| 008 - FIXED-LENGTH DATA ELEMENTS--GENERAL INFORMATION | |
| fixed length control field | 190128b ||||| |||| 00| 0 eng d |
| 010 ## - LIBRARY OF CONGRESS CONTROL NUMBER | |
| LC control number | A-904808 |
| 020 ## - INTERNATIONAL STANDARD BOOK NUMBER | |
| Terms of availability | 00.00 |
| International Standard Book Number | 0074623052 |
| 035 ## - SYSTEM CONTROL NUMBER | |
| System control number | A-904808, A-904827 |
| 037 ## - SOURCE OF ACQUISITION | |
| Source of stock number/acquisition | Cen Lib/Ret |
| 040 ## - CATALOGING SOURCE | |
| Original cataloging agency | DPL |
| Language of cataloging | EN |
| Transcribing agency | 0 |
| 082 ## - DEWEY DECIMAL CLASSIFICATION NUMBER | |
| Classification number | 624.1821 |
| Item number | NEG |
| 100 ## - MAIN ENTRY--PERSONAL NAME | |
| Personal name | Negi, L S |
| 9 (RLIN) | 33408 |
| 245 ## - TITLE STATEMENT | |
| Title | Design of steel structures / |
| Statement of responsibility, etc | by L S Negi |
| 250 ## - EDITION STATEMENT | |
| Edition statement | 2nd ed |
| 260 ## - PUBLICATION, DISTRIBUTION, ETC. (IMPRINT) | |
| Name of publisher, distributor, etc | Tata McGraw-Hill Publishing Company |
| Place of publication, distribution, etc | New Delhi |
| Date of publication, distribution, etc | 1997 |
| 270 ## - ADDRESS | |
| Address | 7 West Patel Nagar |
| City | New Delhi |
| Postal code | 1100028 |
| 300 ## - PHYSICAL DESCRIPTION | |
| Extent | ix,317p. : |
| Dimensions | 22cm(Hb) |
| Other physical details | ill. |
| 500 ## - GENERAL NOTE | |
| General note | Includes index |
| 650 ## - SUBJECT ADDED ENTRY--TOPICAL TERM | |
| Topical term or geographic name as entry element | Building, Iron and steel |
| 9 (RLIN) | 33409 |
| 650 ## - SUBJECT ADDED ENTRY--TOPICAL TERM | |
| Topical term or geographic name as entry element | Steel, Structural |
| 9 (RLIN) | 33410 |
| 942 ## - ADDED ENTRY ELEMENTS (KOHA) | |
| Source of classification or shelving scheme | Dewey Decimal Classification |
| Koha item type | English Books |
| Classification part | 624.1821 |
| Call number suffix | NEG |
| Withdrawn status | Lost status | Damaged status | Not for loan | Home library | Current library | Date acquired | Source of acquisition | Cost, normal purchase price | Total Checkouts | Total Renewals | Full call number | Barcode | Date last seen | Date checked out | Copy number | Cost, replacement price | Price effective from | Koha item type | Source of classification or shelving scheme | Collection code |
|---|---|---|---|---|---|---|---|---|---|---|---|---|---|---|---|---|---|---|---|---|
| Central Library | Central Library | 16/07/2015 | Cen Lib/Ret | 0.00 | 16 | 6 | 624.1821 NEG | A-904808 | 09/02/2023 | 09/02/2023 | 1 | 0.00 | 16/07/2015 | English Books | ||||||
| Vigyan Vihar | Vigyan Vihar | 28/01/2019 | BPPD/PUB | 0.00 | 624.1821 NEG | A-904827 | 28/01/2019 | 0.00 | 28/01/2019 | English Books | Dewey Decimal Classification | Non-fiction |
